1733 1275 1040 1838 1815 1570 1059 1737 1139 1916 1547 1614 1019 1015 1440 1960 1121 1160 1682 1072 1438 1453 1482 1741 1554 1809 1592 1741 1017 1370 1248 1630 1565 1531 1789 1743 1246 1723 1387 1350 1119 1041 1582 1323 1540 1056 1023 1157 1477 1835 1292 1491 1775 1266 1678 1102 1775 1508 1928 1956 1525 1254 1698 1136 1099 1440 1550 1930 1145 1486 1813 1620 1733 1945 1960 1126 1911 1033 1792 1784 1142 1284 1154 1016 1410 1123 1090 1811 1872 1483 1655 1316 1990 1174 1520 1674 1180 1353 1171 BCNSPRNW ULIB Ver.6.0+V

เปลี่ยนเป็นภาษาไทย

Change to English
 แสดงรายละเอียดบรรณานุกรม
  กลับหน้าหลัก

Brief Record : Get Marc (ISO 2709) : E-mail record : QR code < ปิดหน้าต่าง
LEADER : 00000nam 2200000uu 4500
001    13399124045
003     ULIB
008    150105s2557||||th 000 0 tha d
020    ^a9789740331865
060  4 ^aWQ210^bม445พ
100 0  ^aมานะ ทวีวิศิษฎ์
245 00 ^aพยาธิวิทยาทารกบวมน้ำ =^bPathology of Hydrops Fetalis /^cมานะ ทวีวิศิษฎ์
250    ^aพิมพ์ครั้งที่ 1
260    ^aกรุงเทพฯ :^bสำนักพิมพ์แห่งจุฬาลงกรณ์มหาวิทยาลัย,^c2557
300    ^a234 หน้า :^bภาพประกอบ ; ตาราง ;^c26 ซม.
650  7 ^aทารกในครรภ์--โรค
650  7 ^aทารกแรกเกิด--โรค
650  7 ^aทารกบวมน้ำ
945    ^p210^l0^i037918
945    ^p210^l0^i037919
945    ^p210^l0^i037920
945    ^p210^l0^i037921
945    ^p210^l0^i037922
945    ^p210^l0^i037923
945    ^p210^l0^i037924
945    ^p210^l0^i037925
945    ^p210^l0^i037926
945    ^p210^l0^i037927
999    ^aเกษร โพธิ์สุวรรณ
รายการนี้ยังไม่มีแท็ก
คุณยังไม่ได้ล็อกอิน คุณสามารถมีกิจกรรมร่วมกับเว็บไซต์ได้ แต่ต้องล็อกอินก่อน ::
  ล็อกอิน

รายการสื่อสารสนเทศ

ลำดับที่ ประเภท เลขเรียก/บาร์โค้ด สถานที่ สถานะ
1. วิทยาศาสตร์การแพทย์ และสุขภาพ
วิทยาศาสตร์การแพทย์ และสุขภาพ
สถานะ=หนังสือเก่า
WQ210 ม445พ ฉ.1 
  Barcode: 037918
ห้องสมุดวิทยาเขตสวรรค์ประชารักษ์
►ส่วนจัดเก็บหนังสือเก่า สปร
บนชั้น
  ขอยืม
2. วิทยาศาสตร์การแพทย์ และสุขภาพ
วิทยาศาสตร์การแพทย์ และสุขภาพ
สถานะ=หนังสือเก่า
WQ210 ม445พ ฉ.10 
  Barcode: 037927
ห้องสมุดวิทยาเขตสวรรค์ประชารักษ์
►ส่วนจัดเก็บหนังสือเก่า สปร
บนชั้น
  ขอยืม
3. วิทยาศาสตร์การแพทย์ และสุขภาพ
วิทยาศาสตร์การแพทย์ และสุขภาพ
สถานะ=หนังสือเก่า
WQ210 ม445พ ฉ.2 
  Barcode: 037919
ห้องสมุดวิทยาเขตสวรรค์ประชารักษ์
►ส่วนจัดเก็บหนังสือเก่า สปร
บนชั้น
  ขอยืม
4. วิทยาศาสตร์การแพทย์ และสุขภาพ
วิทยาศาสตร์การแพทย์ และสุขภาพ
สถานะ=หนังสือเก่า
WQ210 ม445พ ฉ.3 
  Barcode: 037920
ห้องสมุดวิทยาเขตสวรรค์ประชารักษ์
►ส่วนจัดเก็บหนังสือเก่า สปร
บนชั้น
  ขอยืม
5. วิทยาศาสตร์การแพทย์ และสุขภาพ
วิทยาศาสตร์การแพทย์ และสุขภาพ
สถานะ=หนังสือเก่า
WQ210 ม445พ ฉ.4 
  Barcode: 037921
ห้องสมุดวิทยาเขตสวรรค์ประชารักษ์
►ส่วนจัดเก็บหนังสือเก่า สปร
บนชั้น
  ขอยืม
6. วิทยาศาสตร์การแพทย์ และสุขภาพ
วิทยาศาสตร์การแพทย์ และสุขภาพ
สถานะ=หนังสือเก่า
WQ210 ม445พ ฉ.5 
  Barcode: 037922
ห้องสมุดวิทยาเขตสวรรค์ประชารักษ์
►ส่วนจัดเก็บหนังสือเก่า สปร
บนชั้น
  ขอยืม
7. วิทยาศาสตร์การแพทย์ และสุขภาพ
วิทยาศาสตร์การแพทย์ และสุขภาพ
สถานะ=หนังสือเก่า
WQ210 ม445พ ฉ.6 
  Barcode: 037923
ห้องสมุดวิทยาเขตสวรรค์ประชารักษ์
►ส่วนจัดเก็บหนังสือเก่า สปร
บนชั้น
  ขอยืม
8. วิทยาศาสตร์การแพทย์ และสุขภาพ
วิทยาศาสตร์การแพทย์ และสุขภาพ
สถานะ=หนังสือเก่า
WQ210 ม445พ ฉ.7 
  Barcode: 037924
ห้องสมุดวิทยาเขตสวรรค์ประชารักษ์
►ส่วนจัดเก็บหนังสือเก่า สปร
บนชั้น
  ขอยืม
9. วิทยาศาสตร์การแพทย์ และสุขภาพ
วิทยาศาสตร์การแพทย์ และสุขภาพ
สถานะ=หนังสือเก่า
WQ210 ม445พ ฉ.8 
  Barcode: 037925
ห้องสมุดวิทยาเขตสวรรค์ประชารักษ์
►ส่วนจัดเก็บหนังสือเก่า สปร
บนชั้น
  ขอยืม
10. วิทยาศาสตร์การแพทย์ และสุขภาพ
วิทยาศาสตร์การแพทย์ และสุขภาพ
สถานะ=หนังสือเก่า
WQ210 ม445พ ฉ.9 
  Barcode: 037926
ห้องสมุดวิทยาเขตสวรรค์ประชารักษ์
►ส่วนจัดเก็บหนังสือเก่า สปร
บนชั้น
  ขอยืม

รายการใกล้เคียง
    ผู้แต่ง [มานะ ทวีวิศิษฎ์]

    หัวเรื่อง [ทารกในครรภ์--โรค]
    หัวเรื่อง [ทารกแรกเกิด--โรค]
    หัวเรื่อง [ทารกบวมน้ำ]

BibComment


ยังไม่เคยถูกคอมเมนท์

คอมเมนท์ทรัพยากรรายการนี้
  คอมเมนท์: พยาธิวิทยาทารกบว..


 Copyright 2026. Bcnsprnw @Library